It looks like you're offline.
Open Library logo
additional options menu

MARC record from Internet Archive

LEADER: 01145cam 2200325Ia 4500
001 ocm57583238
003 OCoLC
005 20210430003552.0
008 050207s2004 mauad 000 0 eng d
010 $a 2002100718
040 $aSCL$beng$cSCL$dOCLCQ$dBAKER$dOCLCG$dOL$$dOCLCO$dOCLCF$dOCLCQ
020 $a0072471921
020 $a9780072471922
035 $a(OCoLC)57583238
050 4 $aHB172.5$b.S3428 2003
082 04 $a339$221
100 1 $aSchiller, Bradley R.,$d1943-
245 10 $aStudy guide for use with the macro economy today /$cBradley R. Schiller ; prepared by Linda Wilson, Kevin Klein.
250 $a9th ed.
260 $aNew York :$bMcGraw-Hill/Irwin,$c©2003.
300 $aviii, 292 pages :$billustrations ;$c28 cm
336 $atext$btxt$2rdacontent
337 $aunmediated$bn$2rdamedia
338 $avolume$bnc$2rdacarrier
650 0 $aMacroeconomics.
650 7 $aMacroeconomics.$2fast$0(OCoLC)fst01005221
700 1 $aSchiller, Bradley R.$tMacro economy today.
938 $aBaker & Taylor$bBKTY$c47.25$d47.25$i0072471921$n0004044713$sactive
994 $aZ0$bP4A
948 $hNO HOLDINGS IN P4A - 5 OTHER HOLDINGS